000 01172cab a2200349 4500
001 ABS53993
008 090401t1995 xxu||||| |||| 00| 0 eng d
035 _a(Sirsi) u7798
041 _aeng
245 _aProduct review - letting and property management software
260 _c1995
350 _a0
490 _aLetting Update Journal
_v3(3) October 1995, 19-22(4)
520 _aConsiders factors to be taken into account when computerising property management, with a review of nine software packages, their prices and hardware requirements: PACS, PROMAN, ResLet, Protrack, DS-Propman, Rental Express, System 505, PLMS2, EasyLet. Company contact information also given.
650 _aCOMPUTERISATION
650 _aDS-PROPMAN
650 _aEASYLET
650 _aLETTINGS MANAGEMENT
650 _aPACS
650 _aPLMS2
650 _aPROMAN
650 _aProperty management
_96262
650 _aPROTRACK
650 _aRENTAL EXPRESS
650 _aRESLET
650 _aSOFTWARE PACKAGES
650 _aSYSTEM 505
650 _aWINDOWS
690 _aMANAGEMENT-BUSINESS MANAGEMENT-INFORMATION MANAGEMENT
942 _n0
948 _c04/03/1997
999 _c4744
_d4744